000 00556nam a22001937a 4500
999 _c7497
_d7497
003 OSt
005 20211117163117.0
008 211117b ||||| |||| 00| 0 eng d
020 _a1861520484
040 _cDDC
082 _a330 GRE 1997
100 _aGreenwood,S.M.; Carter, J.M
_915356
245 _aBusiness Economics: concepts and cases
260 _aLondon;
_bInternational Thomson Business Press
_c1997
300 _axvi;332P
_bill:
_c23cm
504 _aGlossary, Bibliography & Index
650 _aBusiness Economics
_915357
942 _2ddc
_cO_SHELF